000 00654nam a2200241 i 4500
001 C2-0119130
003 PPAK
005 20180727111724.0
008 970804s1990 enk |||| ||||| | eng d
020 _a0192826859
040 _aPPAK
_beng
_cPPAK
_erda
082 0 4 _a808.83
_223
090 0 0 _a808.83
_bGRA
_dG
100 1 _aGrant, Douglas,
_eauthor
245 1 0 _aClassic American short stories
264 1 _aOxford :
_bOxford University Press ,
_c1990
300 _axi, 398 pages ;
_c19 cm
336 _2rdacontent
_atext
337 _2rdamedia
_aunmediated
338 _2rdacarrier
_avolume
650 1 0 _aShort stories, American
942 _ddc
_cB
999 _c32822
_d32822